|
|
|
|
| LEADER |
00000cam a2200000 i 4500 |
| 001 |
1/88978 |
| 008 |
080617s1986 gr | ||| |||| ||gre|| |
| 035 |
|
|
|l 10098245
|
| 040 |
|
|
|a GR-MY-UA
|b gre
|e aacr
|
| 041 |
0 |
|
|a gre
|
| 082 |
7 |
|
|a 370
|2 (22)
|
| 100 |
1 |
|
|a Βαβουρανάκης, Χαράλαμπος Χ.
|
| 245 |
1 |
0 |
|a Στοιχεία πειραματικής παιδαγωγικής /
|c Χαράλαμπος Χ. Βαβουρανάκης.
|
| 260 |
|
|
|a Αθήνα :
|b [χ.ό.],
|c 1986.
|
| 300 |
|
|
|a 101 σ. ;
|c 21 εκ.
|
| 650 |
0 |
0 |
|a Education
|x Research
|z Greece.
|
| 650 |
0 |
0 |
|a Teachers
|x Training of.
|
| 650 |
0 |
0 |
|a Student teaching.
|
| 852 |
|
|
|a INST
|b RHODES
|c AKA
|e 20080617
|h 370.71 ΒΑΒ
|p 005400027914
|q 005400027914
|t BK
|y 0
|
| 901 |
|
|
|a BIBL4-2008-2
|
| 909 |
|
|
|a Ρ
|b 150589
|
| 970 |
|
|
|a ΚΟΖΑ
|b ΜΑΡΙΑ
|z 2008/06/17
|